Loading...
Any History | 11 | 18.18 | 100% | 82% | 0% |
Current Events | 3 | 20.00 | 100% | 100% | 0% |
Fine Arts - Classical Music | 9 | 15.56 | 100% | 56% | 0% |
Fine Arts - Other Fine Arts | 9 | 18.89 | 100% | 67% | 22% |
Geography | 4 | 17.50 | 100% | 75% | 0% |
History - American History | 14 | 17.14 | 93% | 64% | 14% |
History - European History | 8 | 20.00 | 100% | 88% | 13% |
History - World History | 12 | 17.50 | 100% | 67% | 8% |
Literature - American Literature | 11 | 18.18 | 100% | 82% | 0% |
Literature - British Literature | 9 | 20.00 | 100% | 89% | 11% |
Literature - European Literature | 8 | 17.50 | 100% | 38% | 38% |
Literature - World Literature | 10 | 19.00 | 100% | 60% | 30% |
Mythology | 7 | 21.43 | 100% | 100% | 14% |
Other Academic | 6 | 18.33 | 100% | 67% | 17% |
Painting & Sculpture | 10 | 18.00 | 100% | 60% | 20% |
Philosophy | 9 | 16.67 | 100% | 67% | 0% |
Religion | 7 | 15.71 | 100% | 57% | 0% |
Science - Biology | 12 | 17.50 | 100% | 67% | 8% |
Science - Chemistry | 10 | 18.00 | 100% | 70% | 10% |
Science - Other Science | 8 | 18.75 | 100% | 75% | 13% |
Science - Physics | 8 | 20.00 | 100% | 63% | 38% |
Social Science | 11 | 17.27 | 100% | 73% | 0% |